Ẩm thực cung đình Hàn Quốc thời Joseon (1392-1910) /

Bewaard in:
Bibliografische gegevens
Hoofdauteur: Phan Thị Oanh.
Formaat: Artikel
Taal:Vietnamese
Onderwerpen:
Tags: Voeg label toe
Geen labels, Wees de eerste die dit record labelt!
Thư viện lưu trữ: Thư viện Trường Đại học Đà Lạt
LEADER 00845nam a2200313 4500
001 DLU190193671
005 ##20191127
040 # # |a DLU  |b vie 
041 # # |a vie 
044 # # |a vn 
100 # # |a Phan Thị Oanh. 
245 # # |a Ẩm thực cung đình Hàn Quốc thời Joseon (1392-1910) /  |c Phan Thị Oanh. 
653 # # |a Ẩm thực 
653 # # |a Cung đình 
653 # # |a Hàn Quốc 
653 # # |a Joseon 
653 # # |a Luật lệ 
653 # # |a Nghi thức 
773 # # |t Nghiên cứu Đông Bắc Á  |g Số 11(213), 2018, tr. 70-78 
920 # # |a Phòng Tạp chí -- Trung tâm Thông tin - Thư viện Trường Đại học Đà Lạt 
933 # # |a LS 
994 # # |a DLU 
900 # # |a True 
911 # # |a Hoàng Thị Huyền 
925 # # |a G 
926 # # |a A 
927 # # |a BB 
980 # # |a Thư viện Trường Đại học Đà Lạt